LDR 01191nam a2200205 i 4500 001 000000016463 003 CaOOAMICUS 005 20200210100654.0 008 180830s1978 it u000 u ita u 040 $aSeMil$bita 245 10$aAtti del 9. Congresso Internazionale di Archeologia Cristiana :$bRoma, 21-27 settembre 1975. 260 $aRoma :$bPontificio Istituto di Archeologia Cristiana,$c1978. 300 $av. ;$c27 cm. 650 4$aArcheologia cristiana - Congressi.$0(OLS)http://semarc/subject/2686 774 0 $tMonumenti cristiani precostantiniani.$kStudi di antichità cristiana / Pontificio Istituto di archeologia cristiana$gVolume1$w()153713 774 0 $tComunicazioni su scoperte inedite.$kStudi di antichità cristiana / Pontificio Istituto di archeologia cristiana$gVolume2$w()153714 830 0$aStudi di antichità cristiana / Pontificio Istituto di archeologia cristiana.$0(OLS)http://semarc/title/15683 996 $6245$aAtti del 9. Congresso Internazionale di Archeologia Cristiana :$bRoma, 21-27 settembre 1975$9(OLS)http://semarc/title/21778 996 $6260$aRoma :$bPontificio Istituto di Archeologia Cristiana$9(OLS)http://semarc/publisher/33057